000 00465nam a22001817a 4500
999 _c3471
_d3471
003 OSt
005 20181113162843.0
008 181113b ||||| |||| 00| 0 eng d
020 _a0937580317
040 _bDLC
_cDLC
_dDLC
082 _a248.8
_bS956H
100 _aSumrall, Lester
245 _aHow to Know the Will of God
260 _aSouth Bend, Indiana
_bLeSEA Publishing Company
_cc1983
300 _a64p.;
_c16cm
650 _2Christian Life
942 _2ddc
_cBK